| 000 | 00383nam a2200157Ia 4500 | ||
|---|---|---|---|
| 008 | 230524s9999 xx 000 0 und d | ||
| 082 |
_a658.45 _bJOS |
||
| 100 | _aRakesh Mohan Joshi | ||
| 245 | 0 | _aInternational Business | |
| 250 | _a4TH | ||
| 260 |
_aNEW YORK _bOxford _c2010 |
||
| 300 | _aXX;912 | ||
| 500 | _aQuantity Number: 5 | ||
| 650 |
_aMiscellaneous _91877 |
||
| 942 | _cBK | ||
| 999 |
_c49259 _d49259 |
||